000 00483nam a2200181Ia 4500
001 22548
005 20260414150839.0
008 260414t2013||||xx |||||||||||||| ||spa||
041 _aESP
082 _a621.382
_bK17 V. 3
100 _aKay, Steven M.
_eAUT
245 0 _aFundamentals of statistical signal processing :
_bpractical algorithm development
260 _c2013
300 _axv, 475 páginas :
_c24 cm.
650 _aTCA
654 _aCET
942 _cLIB
_dJUS
_fJUS
_2ddc
_n
999 _c22548
_d22548